000 01070nam a22002417a 4500
005 20150602111231.0
010 _aENG-112742
020 _a9789351500643
_c650.00
035 _aEN-96274
037 _bDBAD/PUB
082 _a201.763325
100 _aPuniyani, Ram
245 _aDeconstructing terrorist violence :
_cby Ram Puniyani
_bfaith as a mask /
260 _aNew Delhi
_bSage Publications
_c2015
270 _aB-1/1-1, Mohan Cooperative Industrial Area, Mathura Road,
_bNew Delhi
_e110044
300 _axxvi,180p.
_c22cm(Hb)
500 _aIncludes bibliographical references and index
505 _aWorld gripped by terror -- Changing goals of colonialism-imperialism -- Islam : through ages -- Hindutva terrorism -- Hinduism to Hindutva -- Al Qaeda strikes : Mumbai terror attack -- Civilizations-religions : clash or alliance -- Religion, power and violence.
650 _a Terrorism
_xReligious aspects.
650 _a Violence
_xReligious aspects.
650 _a Religion and politics.
942 _2ddc
_cEN
_mPUN
_h201.763325
999 _c93135
_d93135